000 00441nam a22001697a 4500
003 koha_MIRAKIL
005 20241018130245.0
008 231213b |||||||| |||| 00| 0 ||| d
040 _aTR-IsEVY
_btur
_cTR-IsEVY
082 _a612.7 BAR
100 _aBARRACLOUGH, SUE.
245 4 _aTHE SKELETAL MUSCULAR SYSTEMS HOW CAN I STAND ON MY HEAD.
260 _bHeinmann,
_c2008
300 _a32.
650 _aİngiliz Dili.
942 _2ddc
_cBK
999 _c5387
_d5387